| 000 | 01115 a2200217 4500 | ||
|---|---|---|---|
| 003 | NUST | ||
| 005 | 20221114121603.0 | ||
| 010 | _a 00046493 | ||
| 020 | _a0130182656 | ||
| 040 | _cNust | ||
| 082 | 0 | 0 | _a512.5,KOL |
| 100 | 1 |
_aKolman, Bernard, _938800 |
|
| 245 | 1 | 0 |
_aIntroductory linear algebra with applications / _cBernard Kolman, David R. Hill. |
| 250 | _a7th ed. / | ||
| 260 |
_aUpper Saddle River, N.J. : _bPrentice Hall, _cc2001. |
||
| 300 |
_axvi, 577, A68, 10 p. : _bill. ; _c27 cm. |
||
| 505 | _aLinear Equations and Matrices (Page-1), Applications of Linear Equations and Matrices (Optional) (Page-92), Determinants (Page-140), Vectors in Rn (Page-170), Applications of Vectors in R2 and R3 (Page-217), Applications of Real Vector Spaces (Page-327), Eigenvalues Eigenvectors and Diagonalization (Page-343), Applications of Eigenvalues and Eigenvectors (Page-379), Linear Transformations and Matrices (Page-434), Linear Programming (Page-488), Matlab for Linear Algebra (Page-545). | ||
| 650 | 0 |
_aAlgebras, Linear. _910720 |
|
| 700 | 1 |
_aHill, David R. _d1943- _9102579 |
|
| 942 |
_2ddc _cBK _k512.5,KOL |
||
| 999 |
_c189140 _d189140 |
||